|
|
|
|
| LEADER |
01166aam a22002897i 4500 |
| 001 |
8923337 |
| 003 |
GR-PaULI |
| 005 |
20240126090548.0 |
| 008 |
170524s1971 enkab f b 001 0 eng d |
| 952 |
|
|
|0 0
|1 0
|2 ddc
|4 0
|6 709_600000000000000_WIL
|7 0
|9 237234
|a LISP
|b LISP
|c BSC
|d 2019-11-19
|i 141496
|l 0
|o 709.6 WIL
|p 025000265110
|r 2019-11-19 00:00:00
|t 1
|v 2019.00
|w 2019-11-19
|y BK15
|
| 999 |
|
|
|c 143475
|d 143475
|
| 020 |
|
|
|a 050020103Χ (χαρτόδετο)
|
| 020 |
|
|
|a 0500181098 (σκληρό εξώφυλλο)
|
| 040 |
|
|
|a DLC
|c AACR2
|b gre
|e AACR2
|
| 082 |
0 |
4 |
|a 709.6
|2 23
|
| 100 |
1 |
|
|a Willett, Frank.
|9 162125
|e συγγραφέας.
|
| 245 |
1 |
0 |
|a African art :
|b an introduction /
|c Frank Willett.
|
| 260 |
|
|
|a London :
|b Thames & Hudson,
|c 1971.
|
| 300 |
|
|
|a 288 σ. :
|b εικ. ;
|c 21 εκ.
|
| 490 |
1 |
|
|a World of art
|
| 504 |
|
|
|a Περιλαμβάνει βιβλιογραφία και ευρετήριο.
|
| 650 |
|
4 |
|a Τέχνη, Αφρικανική
|9 159968
|
| 650 |
|
4 |
|a Τέχνη, Πρωτόγονη
|9 101902
|
| 651 |
|
4 |
|9 162127
|a Αφρική
|x Αρχαιότητες.
|
| 830 |
|
0 |
|a World of art library
|9 167960
|
| 942 |
|
|
|2 ddc
|c BK15
|
| 998 |
|
|
|c ΜΠΟΥΡΑΣ
|d 2019-11
|